000 00805nam a2200229 a 4500
001 13134
003 BD-JhCC
005 20230712092617.0
008 180729s20182019bg a|||| ||a| 000 0 ben d
020 _a9789842101250
035 _a(BD-JhCC)13134
040 _aBD-JhCC
_dBD-JhCC
041 _abengali
082 _a616.462
_bAGO 2019
100 _aআগরওয়ালা,ডা.বিমল কুমার
245 _aডায়াবেটিস নিয়ে নানান কথা /
_cডা.বিমল কুমার আগরওয়ালা।
260 _aঢাকা :
_bগ্রন্থ কুটির
_c২০১৯.
300 _a২০০ পৃ. :
_bচিত্রাবলী;
_c২০ সেমি.
650 _aDiabetes
942 _2ddc
_cBK
999 _c13134
_d13134